| 000 | 01501nam1a2200301 i 4500 | ||
|---|---|---|---|
| 001 | RU\NLR\BIBL_A\012649376 | ||
| 005 | 20241109123926.0 | ||
| 035 | _a(NLR Aleph) 012649376 | ||
| 090 |
_a12721531 _c12721531 |
||
| 100 | _a20211124g20219999k y0rusy50 ca | ||
| 101 | 0 |
_arus _deng |
|
| 102 | _aRU | ||
| 105 | _ay z 000 y | ||
| 181 | 0 |
_ai _baxxe |
|
| 182 | 0 | _an | |
| 200 | 1 |
_aСборник публикаций преподавателей и студентов по итогам факультетских, межвузовских и международных научно-практических конференций в декабре 2020 года _fМинистерство науки и высшего образования РФ, ЧУООВО Институт экономики и культуры _gпод общей редакцией В. Д. Серякова |
|
| 203 |
_aТекст _bвизуальный _cнепосредственный |
||
| 210 |
_aМосква _cСпутник+ _d2021 |
||
| 215 | _d21 | ||
| 606 | 1 |
_aГуманитарные науки _jСъезды, совещания и т.п. _92175177 _3RU\NLR\AUTH\661308230 |
|
| 686 | 1 | _aЧ21я431 | |
| 686 | 1 | _aС.я431 | |
| 710 | 0 | 2 |
_aИнститут экономики и культуры _cМосква _9432090 _3RU\NLR\AUTH\880382912 |
| 852 |
_aNLR _j2021-3/27168 |
||
| 942 | _cBOOK | ||